|
|
|
|
| LEADER |
00000cam a2200000 7i4500 |
| 001 |
0000000586 |
| 005 |
20000909.0 |
| 020 |
0 |
0 |
|a 9839850431
|
| 090 |
0 |
0 |
|a 297.57
|b NIA 1994
|
| 100 |
1 |
0 |
|a NIAZIhKausar
|
| 245 |
1 |
0 |
|a Menuju pemahaman al Qu'ran
|c Maulana Kausar Niazi
|f alih bahasa Agus Wahidin
|
| 260 |
0 |
0 |
|a Johor Bharu, Johor :
|b Badan Bookstore ,
|c 1994
|
| 300 |
|
|
|a xi, 224 p. ;
|c 21 cm.
|
| 500 |
0 |
0 |
|a Includes verses from the Qur'an
|a Translated from: "Towards understanding the Qur'an"
|
| 650 |
0 |
0 |
|a Islam
|x Customs and practices
|
| 650 |
0 |
0 |
|a Islam
|x Doctrines
|
| 700 |
0 |
1 |
|a Wahidin
|h Agus
|
| 999 |
|
|
|a 0000000213
|b Monograph
|c Open Shelf
|e Default branch
|